000 00666nam a2200265Ia 4500
005 20260121165845.0
008 008 260114s9999 xx 000 0 eng d
020 _a9783319288901
037 _aEBOOK
040 _aCRL
040 _beng
040 _cCRL
041 _2eng
041 _aeng
084 _qCRL
100 _aGerald S. Pollack, Andrew C. Mason, Arthur N Popper, Richard R Fay
_91056896
245 0 _aInsect Hearing
260 _bSpringer
260 _bSpringer
260 _c2016
856 _uhttps://link.springer.com/openurl?genre=book&isbn=978-3-319-28890-1
942 _cEBOOK
999 _c1622624
_d1622624